000 00764nam a2200241Ia 4500
008 240729s9999 xx 000 0 und d
022 _a2233-4718
245 0 _aJournal of Rheumatic Diseases
260 _aKorea, Republic of
260 _bKorean College of Rheumatology
650 _a Immunologic diseases. Allergy
650 _a Infectious and parasitic diseases | Medicine
650 _a Internal medicine
650 _a Internal medicine
650 _a Internal medicine
650 _a Pathology | Medicine
650 _a Special situations and conditions | Medicine
650 _a Specialties of internal medicine
650 _aMedicine
856 _uhttps://doaj.org/toc/ab2d1364dce2471794528a54c4a97b91
942 _2ddc
942 _cDOAJEJ
999 _c66803
_d66803
945 _a1
_bMadushi Gamage
_c1
_dMadushi Gamage